000 00366nam a2200145Ia 4500
008 230917s9999||||xx |||||||||||||| ||und||
040 _e226780
_aMAIN
041 _aEnglish
082 _a515.7 G557F
100 _aGoffman, Casper
245 0 _aFirst course in functional analysis
260 _aNew Delhi
_bPrentice-Hall
_c1993
300 _axi, 282 p.
942 _cBK
999 _c85263
_d85263